Austria by Picture - Statistics

General Stats
  • This quiz has been taken 596 times
  • The average score is 12 of 18
Answer Stats
Picture Hint Answer % Correct
(composer) Wolfgang Amadeus Mozart
98%
(river) Danube
91%
(mountain range) Alps
90%
(actor) Arnold Schwarzenegger
88%
(former empire) Austria-Hungary
83%
(neurologist) Sigmund Freud
79%
(ballroom dance) Viennese {waltz}
79%
(winter olympics city) Innsbruck
77%
(emperor) Franz Joseph I
58%
(palace) Schönbrunn
57%
(crystals) Swarovski
55%
(state) Tyrol
55%
(cake) Sacher
47%
(painting) The Kiss
46%
(annexation) Anschluss
43%
(park) Prater
40%
(instrument) Alphorn
38%
(composer) Franz Schubert
32%
No matching quizzes found
Score Distribution
Percent of People with Each Score
Percentile by Number Answered
Your Score History
You have not taken this quiz